000 00676nam a2200205Ii 4500
003 JO-AjNU
008 230605s9999||||xx |||||||||||||| ||und||
040 _aJO-AjNU
_bara
_erda
_cJO-AjNU
041 _aara
050 1 4 _aDS215.A2852 1990
100 3 _aأبو خليل، شوقي,
_eauthor
_921134
245 0 0 _aفي الميزان: غوستاف لوبون
250 _aط1
264 3 1 _aدمشق: دار الفكر، 1990
300 _a192ص
336 _atext
_btxt
_2rdacontent
337 _aunmediated
_bn
_2rdamedia
338 _avolume
_bnc
_2rdacarrier
650 4 _aالحضارة العربية-دراسات مقارنة، لوبون غوستاف 1841-1831
_921135
999 _aA7291
_c10859
_d10859